<?xml version="1.0" encoding="UTF-8"?><?xml-stylesheet type="text/xsl" href="static/style.xsl"?><OAI-PMH xmlns="http://www.openarchives.org/OAI/2.0/" xmlns:xsi="http://www.w3.org/2001/XMLSchema-instance" xsi:schemaLocation="http://www.openarchives.org/OAI/2.0/ http://www.openarchives.org/OAI/2.0/OAI-PMH.xsd"><responseDate>2026-06-07T18:59:57Z</responseDate><request verb="GetRecord" identifier="oai:docta.ucm.es:20.500.14352/52565" metadataPrefix="marc">https://docta.ucm.es/rest/oai/request</request><GetRecord><record><header><identifier>oai:docta.ucm.es:20.500.14352/52565</identifier><datestamp>2024-07-24T15:50:36Z</datestamp><setSpec>com_20.500.14352_14</setSpec><setSpec>col_20.500.14352_15</setSpec></header><metadata><record xmlns="http://www.loc.gov/MARC21/slim" xmlns:dcterms="http://purl.org/dc/terms/" xmlns:xsi="http://www.w3.org/2001/XMLSchema-instance" xmlns:doc="http://www.lyncode.com/xoai" xsi:schemaLocation="http://www.loc.gov/MARC21/slim http://www.loc.gov/standards/marcxml/schema/MARC21slim.xsd">
   <leader>00925njm 22002777a 4500</leader>
   <datafield ind2=" " ind1=" " tag="042">
      <subfield code="a">dc</subfield>
   </datafield>
   <datafield ind2=" " ind1=" " tag="720">
      <subfield code="a">Rodríguez López, Juan Pedro</subfield>
      <subfield code="e">author</subfield>
   </datafield>
   <datafield ind2=" " ind1=" " tag="720">
      <subfield code="a">Meléndez Hevia, María Nieves</subfield>
      <subfield code="e">author</subfield>
   </datafield>
   <datafield ind2=" " ind1=" " tag="720">
      <subfield code="a">Soria, Ana Rosa</subfield>
      <subfield code="e">author</subfield>
   </datafield>
   <datafield ind2=" " ind1=" " tag="260">
      <subfield code="c">2005</subfield>
   </datafield>
   <datafield ind2=" " ind1=" " tag="520">
      <subfield code="a">Detailed stratigraphic sections have allowed to establish the stratigraphic architecture of the Escucha Formation in the southern limb of the asymmetrical Cueva Foradada Syncline (Oiete Subbasin, Iberian Basin, Spain). The stratigraphic correlation builded from the studied stratigraphic sections shows the spatial distribution of the main architectural elements and their spatial relationships. Offshore, intertidal, supratidal, flood delta / tidal inlet and bay-lagoon with tidal meandering channel facies associations occurred in a strongly tidal-influenced stratigraphic succession. The occurrence of several key stratigraphic levels characterized by the presence of nodular-iron rich levels with gastropods, levels of oyster accumulations and galuconitic sandstones suggest that the beginning of the Escucha Formation's evolution was characterized by the development of several transgressive periods that interrupted the development of coal-forming and tidal-influenced siliciclastic sedimentary subenvironments.</subfield>
   </datafield>
   <datafield ind1="8" ind2=" " tag="024">
      <subfield code="a">1576-5172</subfield>
   </datafield>
   <datafield ind1="8" ind2=" " tag="024">
      <subfield code="a">https://hdl.handle.net/20.500.14352/52565</subfield>
   </datafield>
   <datafield ind1="8" ind2=" " tag="024">
      <subfield code="a">http://www.sociedadgeologica.es/publicaciones_geotemas.html</subfield>
   </datafield>
   <datafield ind2="0" ind1="0" tag="245">
      <subfield code="a">Arquitectura estratigráfica de la Fm. Escucha (Albiense) en el
flanco sur del Sinclinal de Cueva Foradada. Subcuenca de Oliete
(Teruel), Cuenca Ibérica Central</subfield>
   </datafield>
</record></metadata></record></GetRecord></OAI-PMH>